00649nam a2200241 a 4500001001300000003000900013005001700022008004100039020001000080082001500090100002100105245003700126260003300163300000900196500003500205505001000240650001300250700002100263902000800284942000700292952009300299999001500392nice12345678IN_TiNIC20260116012149.0050524s1910 edia grp 000 0 eng  ac8.400a294.3bRIC aRichard, Timothy aNew Testament of Higher Buddhism aEdinburghbT & T Clarkc1910 a275p aincludes index and biblioraphy2 aindex aBuddhism1 aRichard, Timothy bSRS cBK 00104070aHMIbHMId2007-07-20g8.40l0o294.3 RICp05699r2007-07-20w2026-01-16yEB c5896d5896